| 000 | 01002 a2200229 4500 | ||
|---|---|---|---|
| 003 | Nust | ||
| 005 | 20221129161523.0 | ||
| 010 | _a 81015367 | ||
| 020 | _a0835902455 : | ||
| 040 | _cNust | ||
| 082 | 0 | 0 | _a621.3815,JAC |
| 100 | 1 |
_aJacob, J. Michael. _960455 |
|
| 245 | 1 | 0 |
_aApplications & design with analog integrated circuits / _cJ. Michael Jacob. |
| 250 | _a2nd ed. / | ||
| 260 |
_aNew Delhi _bPrentice-hall _c1996. |
||
| 300 |
_axii, 575p. : _bill. ; _c24 cm. |
||
| 505 | _aIntroduction To The Operational Amplifier Integrated Circuit (Page-1), Amplifiers And Feedback (Page-25), Power Supplies And Integrated Circuit Regulators (Page-92), Operational Amplifier Characteristics (Page-170), Single Supply Amplifiers (Page-226), Waveform Generators (Page-269), Active Filters (Page-359), Nonlinear Circuits (Page-488). | ||
| 650 | 0 | _aIntegrated circuits. | |
| 650 | 0 |
_aOperational amplifiers. _956206 |
|
| 740 | 0 | _aApplications and design with analog integrated circuits. | |
| 942 |
_2ddc _cBK |
||
| 999 |
_c182137 _d182137 |
||